| 000 | 01899nam2a2200349 4500 | ||
|---|---|---|---|
| 001 | RU\NLR\bibl\1512484 | ||
| 005 | 20250616023730.0 | ||
| 010 |
_a978-5-8948-1816-0 _91000 |
||
| 021 |
_aRU _b2010-24177 _91620 |
||
| 035 | _a(NLR Aleph) 001503877 | ||
| 090 |
_a37284 _c37284 |
||
| 100 | _a20100518d2010 |||y0rusy50 ca | ||
| 101 | 0 | _arus | |
| 102 | _aRU | ||
| 105 | _aac ||||||||| | ||
| 200 | 1 |
_aОбщие вопросы оториноларингологии. Заболевания носа и околоносовых пазух _fВ.Д. Меланьин, Н.А. Дайхес, С.В. Яблонский [и др.] |
|
| 210 |
_d2010 _aБ. м. |
||
| 215 |
_a346, [1] с., [2] л. цв. ил. _cил., портр. |
||
| 461 | 0 |
_1001RU\NLR\bibl\1751679 _12001#$aОториноларингология$vТ. 1 _91468385 _cМосква _d2010 _fпод общ. ред.: проф. Н.А. Дайхеса _nМедицинское информационное агентство _oматериалы к клиническим лекциям : руководство : в 5 т. _tОториноларингология _vТ. 1 |
|
| 517 | 0 | _aЗаболевания носа и околоносовых пазух | |
| 606 | 1 |
_aНос _jРуководства, пособия и т.п. _xБолезни _9940908 _3RU\NLR\auth\6629462 |
|
| 606 | 1 |
_aНос _jРуководства, пособия и т.п. _xПридаточные пазухи _xБолезни _9969776 _3RU\NLR\auth\6644697 |
|
| 686 | _aР682.44я7 | ||
| 686 | _aР682.46я7 | ||
| 701 | 1 |
_aМеланьин _bВ. Д. _gВладимир Дмитриевич _4070 |
|
| 701 | 1 |
_aДайхес _bН. А. _gНиколай Аркадьевич _4070 |
|
| 701 | 1 |
_aЯблонский _bС. В. _gСергей Владимирович _4070 |
|
| 801 | 0 |
_aRU _bNLR _c20100518 _gRCR |
|
| 801 | 1 |
_aRU _bNLR _c20100518 |
|
| 942 | _cBOOK | ||
| 980 | _aNB | ||